Los Partidos políticos: un estudio sociológico de las tendencias oligárquicas de la democracia moderna /

Uloženo v:
Podrobná bibliografie
Hlavní autor: Michels, Robert
Médium: Text
Jazyk:Spanish
Vydáno: Buenos Aires : Amorrortu
Tagy: Přidat tag
Žádné tagy, Buďte první, kdo vytvoří štítek k tomuto záznamu!

MARC

LEADER 00000 a a2200000 04500
001 39188
003 cru CIDCACS/IIS
005 20231127105113.0
008 170421b xxu||||| |||| 00| 0 spa d
040 |c cru CIDCACS/IIS  |a cru CIDCACS/IIS 
090 |a 04.04.02 M623p  
100 |a Michels, Robert  
245 |a Los Partidos políticos:   |b un estudio sociológico de las tendencias oligárquicas de la democracia moderna /   |c Robert Michels 
260 |a Buenos Aires :   |b Amorrortu  
300 |a 204 páginas 
490 |v volumen 2 
942 |2 z  |c LI  |h 04.04.02 M623p   |i 09389  |6 040402_M623P_09389 
999 |c 19209  |d 19209